| 000 | 00619nam a2200181Ia 4500 | ||
|---|---|---|---|
| 003 | GCL | ||
| 008 | 140319s9999 xx 000 0 ara d | ||
| 040 |
_aGCL / _cGCL |
||
| 082 | 0 | 4 |
_aم _b235 _bم ك |
| 100 | 1 | _aمسلم, ابى الحسين بن الحجاج | |
| 245 | 1 | 0 |
_aالكتب الستة وشروحها: صحيح مسلم / _cمسلم, ابى الحسين بن الحجاج |
| 260 |
_a[S.N] : _bدار سجنون ، _c1992 |
||
| 300 | _aمتعدد | ||
| 490 |
_aموسوعة العامرى للالكترونيات _v0 |
||
| 650 | 0 | 4 | _aشرح الحديث |
| 650 | 0 | 4 | _aصحيح مسلم |
| 942 |
_2ddc _cREF |
||
| 999 |
_c59226 _d59226 |
||